000 00295nam a22001337a 4500
008 170209b xxu||||| |||| 00| 0 eng d
020 _a0838511228
041 _aeng
080 _a61
100 _a4
101 _aSHM
245 _aCHRONIC ILLNESS ACROSS THE LIFE SPAN
_cDIMOND
942 _2udc
_cBK
999 _c5032
_d5032